Betrayals of another kind : (Record no. 551907)

000 -LEADER
fixed length control field 00582cam a2200169 a 4500
020 ## - INTERNATIONAL STANDARD BOOK NUMBER
International Standard Book Number 0948724153 :
082 00 - DEWEY DECIMAL CLASSIFICATION NUMBER
Classification number 954.91
Author Mark CHI
-- L-30-II, P-185
100 1# - MAIN ENTRY--PERSONAL NAME
Personal name Chishti, Faiz Ali,
9 (RLIN) 49071
245 10 - TITLE STATEMENT
Title Betrayals of another kind :
Remainder of title Islam, democracy, and the army in Pakistan /
Statement of responsibility, etc. Faiz Ali Chichti.
260 ## - PUBLICATION, DISTRIBUTION, ETC.
Place of publication, distribution, etc. Cincinnati :
Name of publisher, distributor, etc. Asia Pub. House,
Date of publication, distribution, etc. 1990, c1989.
300 ## - PHYSICAL DESCRIPTION
Extent xvi, 251 p., [16] p. of plates :
Other physical details ill., maps ;
Dimensions 23 cm.
500 ## - GENERAL NOTE
General note Includes index.
500 ## - GENERAL NOTE
General note Maps on lining papers.
526 ## - STUDY PROGRAM INFORMATION NOTE
Program name 0
Interest level 0
Reading level 0
Title point value 954_910000000000000_CHI
650 ## - SUBJECT ADDED ENTRY--TOPICAL TERM
Topical term or geographic name entry element MCE
9 (RLIN) 379
942 ## - ADDED ENTRY ELEMENTS (KOHA)
Source of classification or shelving scheme
Koha item type Book
Holdings
Withdrawn status Lost status Source of classification or shelving scheme Damaged status Not for loan Permanent Location Current Location Date acquired Total Checkouts Full call number Barcode Date last seen Price effective from Koha item type
          Military College of Engineering (MCE) Military College of Engineering (MCE) 01/01/2015   954.91 CHI MCE-25171 01/01/2015 01/01/2015 Book
© 2023 Central Library, National University of Sciences and Technology. All Rights Reserved.